La Organización de los Estados Americanos: (Record no. 51427)

MARC details
000 -LEADER
fixed length control field 00674cam a22002171 4500
001 - CONTROL NUMBER
control field pa 60000033
003 - CONTROL NUMBER IDENTIFIER
control field DLC
005 - DATE AND TIME OF LATEST TRANSACTION
control field 20260227111855.0
008 - FIXED-LENGTH DATA ELEMENTS--GENERAL INFORMATION
fixed length control field 870609s1959 dcua 000 0 spa c
010 ## - LIBRARY OF CONGRESS CONTROL NUMBER
LC control number pa 60000033
035 ## - SYSTEM CONTROL NUMBER
System control number (OCoLC)15870098
040 ## - CATALOGING SOURCE
Original cataloging agency Pan American Union. Library
Transcribing agency MWelC
Modifying agency DLC
042 ## - AUTHENTICATION CODE
Authentication code premarc
050 00 - LIBRARY OF CONGRESS CALL NUMBER
Classification number F1402
Item number .P355
110 2# - MAIN ENTRY--CORPORATE NAME
Corporate name or jurisdiction name as entry element Pan American Union.
Subordinate unit Department of Public Information.
245 13 - TITLE STATEMENT
Title La Organización de los Estados Americanos:
Remainder of title su estructura y funcionamiento.
260 ## - PUBLICATION, DISTRIBUTION, ETC.
Place of publication, distribution, etc. Washington,
Date of publication, distribution, etc. 1959.
300 ## - PHYSICAL DESCRIPTION
Extent 51 p.
Other physical details illus.
Dimensions 18 cm.
500 ## - GENERAL NOTE
General note Issued also in English.
610 20 - SUBJECT ADDED ENTRY--CORPORATE NAME
Corporate name or jurisdiction name as entry element Organization of American States.

No items available.

Powered by Koha